000 01448naa a2200421 c 4500
001 34665
003 ES-MaCES
005 20150929135826.0
008 050308n2004 sp t 000 | spa d
035 _aCES20050001360v
040 _aES-MaCES
_bspa
_cES-MaCES
245 0 0 _aTransformaciones sectoriales e institucionales en España
504 _aBibliografía
650 4 _a1978-2003
_931722
650 4 _aEspaña
_926964
650 4 _amodelo económico
_927074
650 4 _apolítica fiscal
_928082
650 4 _aMercado Unico Europeo
_930652
650 4 _atransportes
_928016
650 4 _atelecomunicaciones
_927884
650 4 _aindustria armamentista
_930333
650 4 _aindustria energética
_931014
650 4 _aactividad bancaria
_928105
650 4 _aindustria de la construcción
_927730
650 4 _aagricultura
_927489
650 4 _aliberalización del intercambio
_928000
650 4 _amercado de trabajo
_928292
650 4 _atributación
_928093
650 4 _agasto público
_928076
650 4 _acompetitividad
_928270
653 1 0 _aPolítica económica
650 4 _929763
_agrupo de ahorro y crédito
650 4 _930664
_aconcertación social
773 0 _tRevista del Instituto de Estudios Económicos
_gn. 2-3 (2004){10219 R. 059070}; XLVII, 1-449 p.
_w(ES-MaCES)25234
_944475
902 _aMON Monográfico de revista
942 _2CES
_cAR
_h0.0.
999 _c34665
_d34665